000 00218nam a22000857a 4500
008 161128b xxu||||| |||| 00| 0 eng d
100 _91513
_aMohindroo.K.K.
245 _aPhysics Practical-XII
260 _aNew Delhi
_bPPC
_c2011
999 _c4242
_d4242